Les présidents américains - Quiz à choix multiples - Statistiques

Statistiques générales
  • Ce quiz a été pris 105 fois
  • Le résultat moyen est 7 sur 10
Statistiques - réponses
Question Réponse % Correct
Lequel de ces présidents n'a PAS été assassiné? Andrew Johnson
100%
Quel président était en fonction au moment de l'utilisation des bombes nucléaires, sur Hiroshima et Nagasaki en 1945? Harry Truman
100%
Lequel de ces présidents américains étaient catholiques? John Fitzgerald Kennedy
100%
Quel est le seul président américain dont la langue maternelle n'est PAS l'anglais? Martin van Buren
100%
Quel est le seul président à avoir démissionné? Richard Nixon
100%
Quel président n'a jamais été élu? Gerald Ford
80%
Lequel de ces noms de présidents est également la capitale de l'état du Wisconsin? Madison
60%
Quel président était en fonction en 1900? William McKinley
40%
Lequel est réputé pour être un excellent lutteur, ayant même sa place dans le Hall of Fame de la lutte? Abraham Lincoln
20%
Qui est le 18ème président des Etats-Unis? Ulysses Grant
20%
Aucun quiz correspondant
Distribution des résultats
% des personnes avec chaque résultat
Percentile par nombre de réponses
Votre historique - résultats
Vous n’avez pas pris ce quiz